Barbed wire (Record no. 131037)
[ view plain ]
| 000 -LEADER | |
|---|---|
| fixed length control field | 01442nam a2200373 a 4500 |
| 082 04 - DEWEY DECIMAL CLASSIFICATION NUMBER | |
| Classification number | 909.8 |
| 100 1# - MAIN ENTRY--AUTHOR NAME | |
| Personal name | Netz, Reviel. |
| 245 10 - TITLE STATEMENT | |
| Title | Barbed wire |
| 260 ## - PUBLICATION, DISTRIBUTION, ETC. (IMPRINT) | |
| Place of publication | Middletown, Conn. : |
| Name of publisher | Wesleyan University Press, |
| Year of publication | c2004. |
| 300 ## - PHYSICAL DESCRIPTION | |
| Number of Pages | xiv, 267 p. : |
| Other physical details | ill., maps. |
| 500 ## - GENERAL NOTE | |
| General note | First Wesleyan paperback 2009. |
| 505 0# - FORMATTED CONTENTS NOTE | |
| Formatted contents note | 1. Expansion -- 2. Confrontation -- 3. Containment. |
| 650 #0 - SUBJECT ADDED ENTRY--TOPICAL TERM | |
| Topical Term | Barbed wire |
| Topical Term | Wire fencing |
| Topical Term | Wire obstacles |
| Topical Term | Concentration camps |
| 856 40 - ELECTRONIC LOCATION AND ACCESS | |
| Uniform Resource Identifier | http://site.ebrary.com/lib/rucke/Doc?id=10468422 |
No items available.
